Mumbai Dreams: (Record no. 208396)

MARC details
000 -LEADER
fixed length control field 00559nam a22001937a 4500
005 - DATE AND TIME OF LATEST TRANSACTION
control field 20250113104756.0
010 ## - LCCN (DPL NO)
LC control number ENG-143316
020 ## - INTERNATIONAL STANDARD BOOK NUMBER
International Standard Book Number 9789381588314
Terms of availability 175.00
035 ## - SYSTEM CONTROL NUMBER
System control number EN-126848
037 ## - SOURCE OF ACQUISITION
Source of stock number/acquisition DBAD
082 ## - DEWEY DECIMAL CLASSIFICATION NUMBER
Classification number S
100 ## - MAIN ENTRY--PERSONAL NAME
Personal name Podder, Joygopal
245 ## - TITLE STATEMENT
Title Mumbai Dreams:
Remainder of title Destiny and Death in Maximum City/
Statement of responsibility, etc by Joygopal Podder
250 ## - EDITION STATEMENT
Edition statement 1
260 ## - PUBLICATION, DISTRIBUTION, ETC. (IMPRINT)
Place of publication, distribution, etc New Delhi
Name of publisher, distributor, etc V&S Publishers
Date of publication, distribution, etc 2012
270 ## - ADDRESS
Address F-2/16, Ansari road, Daryaganj, New Delhi
City New Delhi
Postal code 110002
300 ## - PHYSICAL DESCRIPTION
Extent 128p.
Dimensions 20cm(pb)
942 ## - ADDED ENTRY ELEMENTS (KOHA)
Source of classification or shelving scheme Dewey Decimal Classification
Item type English Books
Call number suffix POD
Classification part S
Holdings
Withdrawn status Lost status Not for loan Collection code Home library Current library Date acquired Source of acquisition Cost, normal purchase price Full call number Barcode Copy number Cost, replacement price Koha item type
      Fiction Kadipur Kadipur 13/01/2025 Delivery of Books Act Division 175.00 POD S EN-126848 1 175.00 English Books

© Delhi Public Library
Hit Counter
free hit counter